01166nam a2200265 a 450000100100000000500170001000800410002702000150006804000250008308200250010824500420013325000110017526000410018630000210022750400740024859000280032265000290035065000310037974000500041091000380046095201370049895201220063595201280075799900150088500000832920240412074206.0090916s2003 dr r 000 j spa d a9993484318 aDO-SdBNPbspacBNPHU aRD863.4bC759v, 200300aContándonos 25 cuentos dominicanos. a2a ed. aSanto Domingo :bEdiciones D,c2003. a255 p. ;c17 cm. aIncluye referencias bibliográficas y notas al pie de las páginas. aInventariado, 2019 / DG 0aCuentos dominicanos9176 0aLiteratura dominicana.9672 aContándonos veinticinco cuentos dominicanos aValidado. Control de calidad. MFF 001154708DSaGRbGRcMId2010-10-05iLF1l0oRD863.4 C759v, 2003p8329-30r2020-06-25te. 3w2020-06-25yLFDSZPréstamo en sala 0010718PDaPDbPDcHDd2009-09-16iLF1l0oRD863.4 C759v, 2003p8329-10r2020-06-25w2020-06-25yLFPDZNo se presta 0011718PDaPDbPDcMId2009-09-16iLF1l0oRD863.4 C759v, 2003p8329-20r2020-06-25te. 2w2020-06-25yLFPDZNo se presta c8100d8100